000
00335nam a2200133Ia 4500
008
240624s9999 xx 000 0 und d
041
_a
eng
082
_a
658.4012 CHA
100
_a
CHANDRASEKARAN N
245
_a
STRATEGIC MANAGEMENT
260
_c
2015
_a
New Delhi
_b
Oxford
300
_a
xviii, : 621 : p. : cm. ; 26
365
_c
RS
_b
31
999
_c
24967
_d
24967